Auditorium acoustics and architectural design.
Guardat en:
| Autor principal: | |
|---|---|
| Format: | Llibre |
| Idioma: | anglès |
| Publicat: |
London, England, United Kingdom
E & FN spon
1993
|
| Matèries: | |
| Etiquetes: |
Afegir etiqueta
Sense etiquetes, Sigues el primer a etiquetar aquest registre!
|
MARC
| LEADER | 00000nam a2200000 a 4500 | ||
|---|---|---|---|
| 001 | UCV9787 | ||
| 003 | CL-VaPUC | ||
| 005 | 20210408001133.0 | ||
| 008 | 930507e19930000UK |||||||||||||||||eng|d | ||
| 999 | |c 302675 |d 302673 | ||
| 040 | |c Pontificia Universidad Católica de Valparaíso | ||
| 082 | 0 | 4 | |a 693.834 BAR 1993 |2 21 |
| 100 | 0 | |a Barron, Michael |9 474018 | |
| 245 | 1 | 0 | |a Auditorium acoustics and architectural design. |
| 260 | 0 | 3 | |a London, England, United Kingdom |b E & FN spon |c 1993 |
| 300 | |a 443 páginas | ||
| 583 | |a last modification |c 20170406 02:53:20 |k Rodrigo Vera | ||
| 650 | 0 | |a Acústica |9 265389 | |
| 650 | 0 | |a Diseño arquitectónico |9 265271 | |
| 942 | |c BK |2 ddc | ||
| 945 | |d 19930507 00:00:00 | ||
| 952 | |0 0 |1 0 |2 ddc |4 0 |6 693_834000000000000_BAR_1993 |7 0 |8 A |9 363374 |a BIBARQ |b BIBARQ |d 2019-11-21 |i 2663708 |l 1 |m 1 |o 693.834 BAR 1993 |p 2663708 |r 2025-01-20 |s 2024-05-23 |t 1 |w 2019-11-21 |y BK |k ARQ | ||